00494pam a2200181 a 4500001000800000005001700008008004100025010001700066020002500083040001800108041000800126080001500134082001900149100000700168101000700175245006600182504006400248204960620171220093116.0930212s1993 nyua b 001 0 eng  a 93007069  a0130344486 :c$50.00 aDLCcDLCdDLC aeng a005.12 BRA00a005.12 BRA2201 a27 aIM10aEngineering real-time systems :cRolv Bræk, Œystein Haugen. aIncludes bibliographical references (p. 387-392) and index.